00242nam a2200085Ia 4500001000800000005001700008008004100025245006900066260002100135115419920250827011139.0250824s9999 xx 000 0 und d 0aHİÇ BİR ŞEYDEN HER ŞEY MÜMKÜNDÜRcMİNE ÖLMEZ bDESTEK YAYINLARI